| 000 | 01199nam a2200301 a 4500 | ||
|---|---|---|---|
| 001 | 000024967 | ||
| 005 | 20200930023459.0 | ||
| 008 | 110208s2002 sp r 001 0 spa d | ||
| 020 | _a8484830802 | ||
| 040 |
_aDO-SdBNP _bspa _cBNPHU |
||
| 082 |
_axxxxx _bN964e |
||
| 100 | 1 |
_aNúñez Delgado, Pedro _951234 |
|
| 245 | 1 | 0 |
_aEpigramas / _cPedro Núñez Delgado ; introducción, edición, traducción anotada, indización Francisco Vera Bustamante ; prólogo Juan Francisco Alcina Rovira. |
| 260 |
_aMadrid : _bLaberinto, _c2002. |
||
| 300 |
_acxxiii, 322 p. ; _c24 cm. |
||
| 490 | 1 | _aTextos y estudios humanísticos, Palmyrenus | |
| 490 | 1 |
_aTextos ; _v4 |
|
| 500 | _aIncluye índice de títulos. | ||
| 500 | _aIncluye índice de nombres. | ||
| 500 | _aIncluye referencia biográfica del autor en la solapa de la cubierta. | ||
| 504 | _aIncluye referencias bibliográficas y notas al pie de páginas. | ||
| 710 | 1 |
_aInstituto de Estudios Humanísticos. _951235 |
|
| 710 | 1 |
_aEdiciones Laberinto. _951236 |
|
| 710 | 1 |
_aConsejo Superior de Investigaciones Científicas (CSIC). _915728 |
|
| 830 | 0 |
_aTextos y estudios humanísticos _943471 |
|
| 830 | 0 |
_aTextos ; _n4 _936360 |
|
| 049 | _aBNGR | ||
| 999 |
_c24460 _d24460 |
||